Normal view
MARC view
- تكنولوجيا التعليم-الحاسبات الإلكترونية و التعليم
Entry Topical Term
001 - CONTROL NUMBER
- control field: 31179
003 - CONTROL NUMBER IDENTIFIER
- control field: JO-AjAnu
005 - DATE AND TIME OF LATEST TRANSACTION
- control field: 20230606075243.0
008 - FIXED-LENGTH DATA ELEMENTS
- fixed length control field: 230606|| aca||aabn | a|a d
040 ## - CATALOGING SOURCE
- Original cataloging agency: JO-AjAnu
- Transcribing agency: JO-AjAnu
150 ## - HEADING--TOPICAL TERM
- Topical term or geographic name entry element: تكنولوجيا التعليم-الحاسبات الإلكترونية و التعليم
670 ## - SOURCE DATA FOUND
- Source citation: Work cat.: (JO-AjAnu)16010: إستيتية،دلال ملحس مؤلف/سرحان،عمر موسى م.مشارك, author 31178, تكنولوجيا التعليم والتعليم الإلكتروني